000 00740nam a2200181Ia 4500
008 100920s9999 xx 000 0 und d
082 _b93095
_a26 0
100 _aदाते शरयु.
245 _aसमर्थ रामदास स्वामी अभंगगाथा.
260 _bसंत साहित्य सेवा संघ सोलापूर.
_c0
300 _a496
_bसाधी
365 _b65
520 _aसमर्थ वाड:मय.
630 _aसमर्थ रामदास स्वामी अभंगगाथा.
650 _aसमर्थ वाड:मय.
730 _aसमर्थ रामदास स्वामी अभंगगाथा.
942 _cBOOK
999 _c733538
_d733535